| 000 | 00685cab a22001935a 4500 | ||
|---|---|---|---|
| 001 | L148201 | ||
| 008 | 090818e20090725xxk f 000 0 eng d | ||
| 035 | _a(Sirsi) u148201 | ||
| 041 | 0 | _aeng | |
| 100 | 1 | _aWanless, Katy | |
| 245 | 0 | 0 | _aDeciding lines of demarcation |
| 260 | _c2009 | ||
| 490 |
_aEstates Gazette _v(0929) 25 July 2009, 91 (1) |
||
| 520 | _aConsiders the difficulty in establishing property boundaries with certainty and examines the efficacy of written boundary agreements in avoiding disputes between neighbours. | ||
| 590 | _aKA | ||
| 651 | 4 |
_aEngland and Wales _y1543- |
|
| 690 | _aPROPERTY-PROPERTY MANAGEMENT-BOUNDARY DETERMINATION-BOUNDARIES | ||
| 942 | _n0 | ||
| 999 |
_c81751 _d81751 |
||